Готовим специалистов по управлению качеством образования; Высшее образование сегодня; № 4

Detalhes bibliográficos
Parent link:Высшее образование сегодня: научно-практический журнал.— , 2001-.— 1726-667X
№ 4.— 2002.— С. 30-31
Resumo:Высшее образование в документах: Журнал в журнале
Idioma:russo
Publicado em: 2002
Colecção:Кафедра
Assuntos:
Formato: Capítulo de Livro
KOHA link:https://koha.lib.tpu.ru/cgi-bin/koha/opac-detail.pl?biblionumber=383233

MARC

LEADER 00000naa2a2200000 4500
001 383233
005 20231101063107.0
035 |a (RuTPU)RU\TPU\prd\8664 
090 |a 383233 
100 |a 20021125a2002 k y0rusy50 ca 
101 0 |a rus 
102 |a RU 
200 1 |a Готовим специалистов по управлению качеством образования 
225 1 |a Кафедра 
300 |a Высшее образование в документах: Журнал в журнале 
461 1 |0 (RuTPU)RU\TPU\prd\1307  |x 1726-667X  |t Высшее образование сегодня  |o научно-практический журнал  |d 2001- 
463 1 |0 (RuTPU)RU\TPU\prd\4444  |t № 4  |v С. 30-31  |d 2002 
610 1 |a образование 
610 1 |a качество 
610 1 |a управление качеством 
801 1 |a RU  |b 63413507  |c 20021125  |g PSBO 
801 2 |a RU  |b 63413507  |c 20140728  |g RCR 
942 |c BK